Les jeux Pokémon sur DS - Statistiques

Statistiques générales
  • Ce quiz a été pris 171 fois
  • Le résultat moyen est 10 sur 20
Statistiques - réponses
Sortie EU Réponse % Correct
27/07/2007 Pokémon Version Diamant
91%
27/07/2007 Pokémon Version Perle
90%
22/05/2009 Pokémon Version Platine
90%
04/03/2011 Pokémon Version Blanche
88%
04/03/2011 Pokémon Version Noire
88%
12/10/2012 Pokémon Version Blanche 2
83%
12/10/2012 Pokémon Version Noire 2
82%
26/03/2010 Pokémon Version Argent SoulSilver
77%
26/03/2010 Pokémon Version Or Heartgold
75%
30/10/2006 Pokémon Ranger
53%
21/11/2008 Pokémon Ranger: Nuit sur Almia
27%
10/11/2006 Pokémon Donjon Mystère: Equipe de Secours Bleue
26%
11/03/2005 Pokémon Dash
25%
20/11/2009 Pokémon Donjon Mystère : Explorateurs du Ciel
23%
04/07/2008 Pokémon Donjon Mystère : Explorateurs du Temps
22%
04/07/2008 Pokémon Donjon Mystère : Explorateurs de l'Ombre
19%
27/06/2012 Pokémon Conquest
13%
05/11/2010 Pokémon Ranger: Sillages de Lumière
12%
05/05/2006 Pokémon Link!
10%
21/09/2012 Apprends avec Pokémon : À la conquête du clavier
8%
Aucun quiz correspondant
Distribution des résultats
% des personnes avec chaque résultat
Percentile par nombre de réponses
Votre historique - résultats
Vous n’avez pas pris ce quiz